Countries Where These Artists From - Statistics

General Stats
  • This quiz has been taken 31 times
  • The average score is 8 of 15
Answers on the Map
Answers color-coded by a green-red scale on the quiz's map according to % correct below.
 
Answer Stats
Answer % Correct
Shakira
87%
BTS
80%
Ed Sheeran
80%
Bob Marley
77%
Daft Punk
73%
Aerosmith
70%
AC/DC
67%
Maneskin
57%
The Cranberries
57%
Sepultura
50%
Kalush
40%
Behemoth
27%
Helloween
23%
Maximum the Hormone
23%
Nightwish
17%
No matching quizzes found
Score Distribution
Percent of People with Each Score
Percentile by Number Answered
Your Score History
You have not taken this quiz